=LDR 00000nam 2200000 4500 =001 INLIS000000000001895 =005 20130612090257 =008 ***********************************Ind** =035 ##$$0010-061300000001895 =041 ##$$a Ind =082 ##$$a 613.7 =090 ##$$a 613.7, Hil p =100 ##$$a Hill, Devra Z =245 ##$$a Pesona awet muda, Devira Z.Hill;Penerjemah, Kartika Dewi =260 ##$$a 1993 $b Jakarta =300 ##$$a viii,183 hlm, 20 cm =650 ##$$a Kesehatan Jasmani =700 ##$$a Dewi, Kartika =850 ##$$a NBPNMAT